[Event "SC Leipzig-Gohlis-SAV Torgelow"]
[Site "Torgelow"]
[Date "2006.12.27"]
[Round "1.1"]
[White "Janotta, Steffi"]
[Black "Ohme, Melanie"]
[Result "1/2-1/2"]
[WhiteElo "2029"]
[BlackElo "2145"]
[PlyCount "129"]
[EventDate "2006.??.??"]

1. e4 c5 2. Nf3 e6 3. d4 cxd4 4. Nxd4 a6 5. Bd3 Bc5 6. Nb3 Ba7 7. O-O Nc6 8.
Qe2 d6 9. Be3 Nf6 10. Bxa7 Rxa7 11. f4 h5 12. N1d2 e5 13. a4 h4 14. fxe5 Nxe5
15. Qf2 b6 16. a5 Nxd3 17. cxd3 Rb7 18. Nc4 Be6 19. Nd4 b5 20. Ne3 Rc7 21. Nef5
Nh5 22. Qxh4 Qxh4 23. Nxh4 O-O 24. Nhf5 Bxf5 25. Nxf5 Rd8 26. Rac1 Rxc1 27.
Rxc1 Nf4 28. Rc6 Nxd3 29. Rxa6 Nxb2 30. Nxd6 b4 31. Rb6 Nd3 32. Nf5 Ra8 33.
Ne7+ Kf8 34. Nc6 Ke8 35. Kf1 Kd7 36. Nxb4 Nxb4 37. Rxb4 Rxa5 38. Kf2 Ra3 39.
Rb5 Ke6 40. h4 Kf6 41. Rf5+ Ke6 42. Rf3 Ra2+ 43. Kg3 Ra4 44. Re3 Ke5 45. Kf3 f5
46. exf5+ Kxf5 47. g3 Rb4 48. Ra3 Rc4 49. Ra5+ Kf6 50. h5 Rc3+ 51. Kg4 Rc4+ 52.
Kh3 Rc1 53. g4 Kf7 54. Ra6 Rc3+ 55. Kh4 Rc4 56. Rd6 Rb4 57. Rd5 Ra4 58. Kg5 Ra6
59. Rd7+ Kg8 60. Kf5 Ra5+ 61. Ke6 Rg5 62. Rd4 Kh7 63. Kf7 Kh8 64. Rf4 Kh7 65.
Re4 1/2-1/2

[Event "SC Leipzig-Gohlis-SAV Torgelow"]
[Site "Torgelow"]
[Date "2006.12.27"]
[Round "1.2"]
[White "Beltz, Franziska"]
[Black "Stemmler, Lysan"]
[Result "1-0"]
[WhiteElo "2055"]
[BlackElo "1847"]
[PlyCount "79"]
[EventDate "2006.??.??"]

1. e4 d6 2. d4 Nf6 3. Nc3 g6 4. Nf3 Bg7 5. h3 O-O 6. Bc4 Nc6 7. O-O e5 8. Be3
exd4 9. Nxd4 Re8 10. Nxc6 bxc6 11. Qf3 Be6 12. Bb3 d5 13. Rad1 Nxe4 14. Nxe4
dxe4 15. Qxe4 Bd5 16. Qb4 a5 17. Qe1 a4 18. Bxd5 cxd5 19. Qd2 c6 20. c3 Rb8 21.
Qc2 Qa5 22. Bd4 Qb5 23. Rfe1 h5 24. Rxe8+ Rxe8 25. Be3 Rb8 26. Bc1 Qc4 27. a3
Re8 28. Be3 Rb8 29. Rd2 Qb3 30. Qd3 Qa2 31. Qe2 Qb1+ 32. Kh2 Be5+ 33. g3 Qf5
34. Bd4 Bd6 35. Qe3 Kh7 36. Re2 h4 37. Kg2 Qe4+ 38. Qxe4 dxe4 39. Rxe4 hxg3 40.
Rh4+ 1-0

[Event "SC Leipzig-Gohlis-SAV Torgelow"]
[Site "Torgelow"]
[Date "2006.12.27"]
[Round "1.3"]
[White "Völschow, Toni"]
[Black "Beltz, Carmen"]
[Result "0-1"]
[WhiteElo "1811"]
[BlackElo "1952"]
[PlyCount "58"]
[EventDate "2006.??.??"]

1. e4 c5 2. Nc3 e6 3. g3 g6 4. Bg2 Bg7 5. d3 Nc6 6. Be3 d6 7. Qd2 Qd7 8. f4 b6
9. Nf3 Ba6 10. O-O Nge7 11. Nd1 O-O 12. c3 Rae8 13. Nf2 d5 14. exd5 exd5 15.
Nh3 Nf5 16. Bf2 d4 17. c4 Ne3 18. Rfe1 Nxg2 19. Kxg2 Bb7 20. Nhg1 Ne7 21. Re2
Nf5 22. Rae1 Qc6 23. g4 Ne3+ 24. Bxe3 dxe3 25. Rxe3 Rxe3 26. Rxe3 Bd4 27. Re4
f5 28. gxf5 gxf5 29. Re7 Bxg1 0-1

[Event "SC Leipzig-Gohlis-SAV Torgelow"]
[Site "Torgelow"]
[Date "2006.12.27"]
[Round "1.4"]
[White "Salden, Franziska"]
[Black "Hartmann, Elisa"]
[Result "0-1"]
[WhiteElo "1976"]
[BlackElo "1521"]
[PlyCount "154"]
[EventDate "2006.??.??"]

1. e4 e5 2. Nf3 Nc6 3. d4 exd4 4. Nxd4 Bc5 5. Be3 Qf6 6. c3 Nge7 7. Bc4 Ne5 8.
Be2 Qg6 9. O-O O-O 10. Nd2 d6 11. Bh5 Qf6 12. Kh1 Qh4 13. h3 N7g6 14. Nf5 Bxf5
15. exf5 Nf4 16. Bxc5 Nxh5 17. Be3 Nf6 18. f4 Neg4 19. Bd4 Rfe8 20. Nf3 Qh5 21.
Qd3 Re7 22. Kg1 Nh6 23. Ng5 Rae8 24. g4 Nhxg4 25. hxg4 Qxg4+ 26. Kh1 Re2 27.
Qh3 Qxh3+ 28. Nxh3 Ng4 29. Rf3 Rxb2 30. Rg3 h5 31. Rg2 Ree2 32. Rxe2 Rxe2 33.
Ng5 c5 34. Bg1 f6 35. Ne6 g6 36. Rd1 gxf5 37. Rxd6 b6 38. a3 Ra2 39. Nc7 Rxa3
40. Nb5 Ra1 41. Rd5 Kg7 42. Rd7+ Kg6 43. Rxa7 Rb1 44. Nc7 Nf2+ 45. Kg2 Ne4 46.
Nd5 Rb3 47. Rb7 Nxc3 48. Rxb6 Rxb6 49. Nxb6 Ne4 50. Kf3 Kf7 51. Nc4 Ke6 52. Ke2
Kd5 53. Ne3+ Ke6 54. Nc4 h4 55. Kf3 h3 56. Ne3 Nd2+ 57. Kg3 c4 58. Nc2 Kd5 59.
Bd4 Ke4 60. Bxf6 h2 61. Kxh2 Kxf4 62. Kg2 Ke4 63. Kf2 Kd3 64. Nb4+ Ke4 65. Ke2
Nb3 66. Nc2 f4 67. Bd8 c3 68. Bb6 Nc1+ 69. Kd1 Nd3 70. Ke2 f3+ 71. Kf1 Nf4 72.
Ne1 Nd3 73. Nc2 Nb2 74. Ba7 Nd1 75. Bb6 Kd3 76. Ne1+ Kd2 77. Nxf3+ Kc1 {ZUe}
0-1

[Event "SF Brackel-SV GA Rüdersdorf"]
[Site "Torgelow"]
[Date "2006.12.27"]
[Round "1.1"]
[White "Vollak, Marleen"]
[Black "Zemella, Jennifer"]
[Result "0-1"]
[WhiteElo "1861"]
[BlackElo "1928"]
[PlyCount "76"]
[EventDate "2006.??.??"]

1. e4 e5 2. Bc4 d6 3. c3 Nf6 4. d3 Nbd7 5. Nf3 Be7 6. Bxf7+ Kxf7 7. Ng5+ Kg8 8.
Qb3+ d5 9. exd5 Nc5 10. Qd1 Qxd5 11. O-O Qxd3 12. Nf3 Qxd1 13. Rxd1 Bg4 14. h3
Bxf3 15. gxf3 Kf7 16. Be3 Rad8 17. Nd2 Nd5 18. Bxc5 Bxc5 19. Nc4 Rhe8 20. Re1
Bd6 21. Rad1 Nf4 22. Kh2 Ng6 23. Re2 b5 24. Nd2 e4+ 25. Kg1 Bf4 26. fxe4 Bxd2
27. Rexd2 Rxd2 28. Rxd2 Rxe4 29. Kg2 Re6 30. Rd7+ Re7 31. Rd8 a6 32. Kg3 Re2
33. b4 Ne7 34. Rd7 c6 35. a4 bxa4 36. Ra7 Rc2 37. Rxa6 Rxc3+ 38. Kg4 Rc4+ 0-1

[Event "SF Brackel-SV GA Rüdersdorf"]
[Site "Torgelow"]
[Date "2006.12.27"]
[Round "1.3"]
[White "Hönecke, Judith"]
[Black "Schöttler, Katharina"]
[Result "1/2-1/2"]
[WhiteElo "1964"]
[BlackElo "1607"]
[PlyCount "91"]
[EventDate "2006.??.??"]

1. e4 e5 2. Nf3 Nc6 3. Bc4 Bc5 4. c3 Nf6 5. d3 a6 6. b4 Ba7 7. a4 d6 8. O-O O-O
9. Bb3 Bg4 10. Bg5 Re8 11. Nbd2 Qe7 12. Qc2 Rad8 13. Rfe1 h6 14. Bh4 g5 15. Bg3
Nh5 16. Kh1 Qf6 17. Rf1 Ne7 18. Ng1 Nf4 19. f3 Bd7 20. Bf2 Bxf2 21. Rxf2 Be6
22. Bxe6 Nxe6 23. Nf1 Ng6 24. Ne3 Ne7 25. Ne2 Nf4 26. Ng3 Ne6 27. Ng4 Qg6 28.
Nh5 Rf8 29. Ng3 Rfe8 30. Nf5 h5 31. Nge3 Ng7 32. Nxe7+ Rxe7 33. Nd5 Red7 34.
Ne3 f5 35. Qe2 Rf8 36. Raf1 c6 37. exf5 Nxf5 38. Nxf5 Qxf5 39. Qe4 Rdf7 40. Kg1
Qxe4 41. fxe4 Rxf2 42. Rxf2 Rxf2 43. Kxf2 Kf7 44. g4 h4 45. Ke3 Ke6 46. d4
1/2-1/2

[Event "SF Brackel-SV GA Rüdersdorf"]
[Site "Torgelow"]
[Date "2006.12.27"]
[Round "1.4"]
[White "Kartseva, Nataly"]
[Black "Müller, Thea-Lina"]
[Result "0-1"]
[WhiteElo "1497"]
[BlackElo "1816"]
[PlyCount "120"]
[EventDate "2006.??.??"]

1. d4 Nf6 2. Nf3 g6 3. Bf4 d6 4. e3 Bg7 5. Nc3 O-O 6. Bd3 Nbd7 7. Ne4 Nxe4 8.
Bxe4 c5 9. O-O cxd4 10. exd4 Nf6 11. Bd3 Bd7 12. Qd2 Bc6 13. Nh4 Qd7 14. h3
Rac8 15. c3 Rfe8 16. Bh6 Be4 17. Be2 Qa4 18. Rfe1 Qa5 19. Qg5 Qxg5 20. Bxg5 Bd5
21. Bd3 h6 22. Bb5 hxg5 23. Bxe8 Rxe8 24. Nf3 g4 25. Ng5 gxh3 26. Nxh3 Bh6 27.
f4 Nh5 28. Rf1 Ng3 29. Rfe1 Kf8 30. Kh2 Nh5 31. Rf1 Nf6 32. a3 Rc8 33. g3 Ng4+
34. Kg1 Ne3 35. Rf2 Ng4 36. Re2 Bf3 37. Ree1 Rc6 38. Nf2 Nxf2 39. Kxf2 Bd5 40.
Re2 g5 41. Ke3 gxf4+ 42. gxf4 Bg7 43. Rg1 Bf6 44. Rh2 Rb6 45. Rg3 Ke8 46. Kd3
Kd7 47. Rh5 Kc6 48. c4 Rb3+ 49. Kc2 Rxg3 50. Rxd5 e6 51. Rh5 Bxd4 52. Rh2 Rf3
53. Rd2 Rf2 54. Rxf2 Bxf2 55. b3 Be3 56. Kd3 Bxf4 57. Ke4 Be5 58. Kd3 b5 59. a4
bxa4 60. bxa4 Kc5 0-1

[Event "SG Bochum 31-SC Tamm"]
[Site "Torgelow"]
[Date "2006.12.27"]
[Round "1.1"]
[White "Ströhle, Kathrin"]
[Black "Zhang, Fan"]
[Result "1/2-1/2"]
[WhiteElo "1808"]
[BlackElo "2049"]
[PlyCount "101"]
[EventDate "2006.??.??"]

1. e4 e6 2. d4 d5 3. exd5 exd5 4. Bd3 Nc6 5. c3 Bd6 6. Nf3 Nge7 7. Bg5 Bg4 8.
Nbd2 Qd7 9. Qc2 O-O-O 10. O-O-O f6 11. Bh4 Bf4 12. Kb1 h5 13. h3 Bf5 14. Bg3
Bxg3 15. fxg3 Bxd3 16. Qxd3 Nf5 17. Nh4 Nxh4 18. gxh4 Rde8 19. Rde1 Ne7 20.
Rhf1 Kd8 21. Nb3 b6 22. Nc1 Nc8 23. Qf3 c6 24. Nd3 Nd6 25. Qf4 Kc8 26. Rxe8+
Rxe8 27. Qf3 Nc4 28. Rd1 Qe6 29. b3 Ne3 30. Rd2 Qf5 31. Qxf5+ Nxf5 32. Nf4 Rh8
33. Re2 Kd7 34. Ng6 Re8 35. Rf2 Nd6 36. Nf4 Ne4 37. Rc2 Ng3 38. Rf2 Re3 39. Kb2
Ke7 40. Rf3 Rxf3 41. gxf3 Kf7 42. Kc2 g6 43. Kd3 g5 44. Ne2 Ke6 45. hxg5 fxg5
46. f4 Kf5 47. fxg5 Kxg5 48. c4 Ne4 49. cxd5 cxd5 50. Ke3 Nd6 51. Kd3 1/2-1/2

[Event "SG Bochum 31-SC Tamm"]
[Site "Torgelow"]
[Date "2006.12.27"]
[Round "1.2"]
[White "Albano Jeremias, Bianca"]
[Black "Bonfert, Nadine"]
[Result "1-0"]
[WhiteElo "1950"]
[BlackElo "1607"]
[PlyCount "101"]
[EventDate "2006.??.??"]

1. e4 e5 2. Nf3 Nc6 3. Bb5 d6 4. O-O Nf6 5. c3 a6 6. Bxc6+ bxc6 7. Re1 Be7 8.
d4 exd4 9. cxd4 O-O 10. Nc3 Bg4 11. Qd3 Re8 12. Bg5 h6 13. Bh4 Nh7 14. Bxe7
Qxe7 15. h3 Bd7 16. Rac1 Ng5 17. Nxg5 Qxg5 18. Ne2 Qa5 19. b3 Qg5 20. Ng3 Qg6
21. Re3 Qg5 22. Rc3 Qa5 23. Rc2 Rab8 24. Kh2 Qb5 25. Qd2 Qg5 26. Qe2 Ra8 27.
Qf3 Qg6 28. Nf5 Qf6 29. Qg4 Bxf5 30. exf5 d5 31. Rec3 Re4 32. Rxc6 Qxd4 33. Qg3
Qe5 34. Qxe5 Rxe5 35. Rxc7 Rxf5 36. Rd7 Kf8 37. Rd2 Rc8 38. R7xd5 Rxd5 39. Rxd5
Rc2 40. Ra5 Rxf2 41. Rxa6 Ke7 42. a4 Kd7 43. Ra7+ Ke6 44. b4 Rb2 45. Rb7 Ra2
46. a5 Ra4 47. Rb6+ Kd5 48. a6 Kc4 49. b5 Ra5 50. Rb7 Kc5 51. a7 1-0

[Event "SG Bochum 31-SC Tamm"]
[Site "Torgelow"]
[Date "2006.12.27"]
[Round "1.3"]
[White "Rüdel, Anita"]
[Black "Hohmann, Louisa"]
[Result "1/2-1/2"]
[WhiteElo "1549"]
[BlackElo "1642"]
[PlyCount "78"]
[EventDate "2006.??.??"]

1. e4 e5 2. Nf3 Nf6 3. Nc3 Nc6 4. d3 d5 5. exd5 Nxd5 6. Ne4 Bg4 7. Be2 Be7 8.
O-O Qd7 9. Nfd2 Bxe2 10. Qxe2 Nd4 11. Qd1 Nf4 12. Nc4 Bd6 13. Bxf4 exf4 14.
Nexd6+ cxd6 15. Re1+ Ne6 16. Qf3 O-O 17. Qd5 Rad8 18. Re2 f3 19. Rd2 fxg2 20.
Qxg2 Rfe8 21. Kh1 Nf4 22. Qf3 Nh3 23. Nxd6 Qxd6 24. Qxh3 Qf4 25. Rad1 Rd6 26.
Qg3 Qh6 27. f3 Rg6 28. Qf2 Rge6 29. d4 Qf4 30. d5 Re3 31. d6 Rxf3 32. d7 Rd8
33. Qg2 Re3 34. Rg1 Qe4 35. Qxe4 Rxe4 36. Rgd1 Kf8 37. Kg2 f5 38. Rf1 g6 39.
Rf3 Kf7 1/2-1/2

[Event "SG Bochum 31-SC Tamm"]
[Site "Torgelow"]
[Date "2006.12.27"]
[Round "1.4"]
[White "Orhan, Eda"]
[Black "Schäfer, Daniela"]
[Result "0-1"]
[WhiteElo "1499"]
[BlackElo "1450"]
[PlyCount "100"]
[EventDate "2006.??.??"]

1. d4 d6 2. e4 g6 3. Nc3 Bg7 4. h3 Nf6 5. Nf3 O-O 6. Be3 Nbd7 7. Qd2 Re8 8.
O-O-O e5 9. d5 Nb6 10. Bh6 Bh8 11. Qg5 Nfd7 12. Qg3 Nc5 13. h4 Qf6 14. Bg5 Qg7
15. h5 Nbd7 16. hxg6 fxg6 17. Qh4 Qf7 18. Nb5 Na6 19. Be2 Nf6 20. Bxf6 Bxf6 21.
Qg3 Be7 22. Rh2 Qf4+ 23. Qxf4 exf4 24. Rdh1 h5 25. Nfd4 Bg5 26. f3 Bf6 27. Bd3
Re7 28. Ne6 Bxe6 29. dxe6 Kg7 30. Bc4 Nc5 31. Rd1 a6 32. Nd4 Bxd4 33. Rxd4 Nxe6
34. Bxe6 Rxe6 35. Rh1 Re5 36. Rd5 Rxd5 37. exd5 Re8 38. Kd2 Re5 39. c4 Kf6 40.
Kd3 Kf5 41. b4 b5 42. Rc1 g5 43. Rc2 g4 44. cxb5 Rxd5+ 45. Ke2 Rxb5 46. Rxc7
Rxb4 47. fxg4+ hxg4 48. Rc2 Ke4 49. a3 Rd4 50. Rc3 d5 0-1

[Event "SF Wadgassen/Differten-SK König Tegel"]
[Site "Torgelow"]
[Date "2006.12.27"]
[Round "1.1"]
[White "Schulz, Stefanie"]
[Black "Dietzen, Corinna"]
[Result "1-0"]
[WhiteElo "2126"]
[BlackElo "1980"]
[PlyCount "103"]
[EventDate "2006.??.??"]

1. e4 e5 2. Nf3 Nf6 3. Nxe5 d6 4. Nf3 Nxe4 5. Nc3 Nxc3 6. dxc3 Be7 7. Bd3 Nd7
8. Bf4 O-O 9. Qd2 Nc5 10. O-O-O Rb8 11. Nd4 Ne6 12. Be3 Nxd4 13. cxd4 Be6 14.
d5 Bd7 15. Kb1 a6 16. h4 c5 17. Bg5 b5 18. Rde1 Re8 19. Qd1 c4 20. Be4 f5 21.
Bf3 Bxg5 22. Rxe8+ Bxe8 23. hxg5 Qxg5 24. Qd4 Rb7 25. Qc3 Qd8 26. g4 Bg6 27.
Qd4 Qe8 28. Rd1 Kh8 29. gxf5 Bxf5 30. Qf4 Rf7 31. Qxd6 Bxc2+ 32. Kxc2 Rxf3 33.
Qe6 Rxf2+ 34. Kc3 Re2 35. Qxe8+ Rxe8 36. Kb4 g5 37. Kc5 Kg7 38. d6 g4 39. d7
Rd8 40. Kc6 h5 41. Kc7 Rxd7+ 42. Kxd7 b4 43. Ke6 Kg6 44. Ke5 Kg5 45. Rd8 c3 46.
bxc3 bxc3 47. Rg8+ Kh4 48. Kf4 c2 49. Rc8 Kh3 50. Rc3+ Kh4 51. Rxc2 Kh3 52.
Rc3+ 1-0

[Event "SF Wadgassen/Differten-SK König Tegel"]
[Site "Torgelow"]
[Date "2006.12.27"]
[Round "1.2"]
[White "Ley, Janine"]
[Black "Rath, Alina"]
[Result "0-1"]
[WhiteElo "1610"]
[BlackElo "1843"]
[PlyCount "26"]
[EventDate "2006.??.??"]

1. c4 c5 2. Nc3 Nc6 3. g3 g6 4. Bg2 Bg7 5. d3 e5 6. Nf3 Nge7 7. e4 d6 8. O-O
O-O 9. Nd5 h6 10. Bd2 Be6 11. Qc1 Kh7 12. Ne1 Nd4 13. Nc2 Ne2+ 0-1

[Event "SF Wadgassen/Differten-SK König Tegel"]
[Site "Torgelow"]
[Date "2006.12.27"]
[Round "1.4"]
[White "Neumann, Tanja"]
[Black "König, Laura"]
[Result "0-1"]
[WhiteElo "1188"]
[BlackElo "1437"]
[PlyCount "52"]
[EventDate "2006.??.??"]

1. e4 Nf6 2. Nc3 d5 3. e5 d4 4. exf6 dxc3 5. bxc3 exf6 6. Nf3 Bd6 7. Bc4 O-O 8.
O-O Nc6 9. Rb1 Bg4 10. d4 Re8 11. Be3 Qd7 12. Bb5 Qf5 13. d5 Ne5 14. Nd4 Qh5
15. f3 Nxf3+ 16. Nxf3 Rxe3 17. h3 Bc5 18. Kh2 a6 19. Be2 Rae8 20. Bd3 Bxf3 21.
Rxf3 Qe5+ 22. g3 Qxc3 23. Rxe3 Rxe3 24. Kg2 Bd6 25. g4 Rg3+ 26. Kf2 Qd4+ 0-1

[Event "SC Ichenhausen-SG BW Stadtilm"]
[Site "Torgelow"]
[Date "2006.12.27"]
[Round "1.1"]
[White "Hoffmann, Lena"]
[Black "Nuber, Helene"]
[Result "1/2-1/2"]
[WhiteElo "1897"]
[BlackElo "2047"]
[PlyCount "70"]
[EventDate "2006.??.??"]

1. Nc3 d5 2. e4 e6 3. d4 Nc6 4. Be3 Be7 5. a3 dxe4 6. Nxe4 Nf6 7. Nxf6+ Bxf6 8.
c3 O-O 9. Bd3 e5 10. d5 Ne7 11. Be4 Nf5 12. Bc5 Nd6 13. Qc2 Nxe4 14. Qxe4 Re8
15. Ne2 Bg5 16. Ng3 Qd7 17. O-O f5 18. Qc4 Kh8 19. Rad1 a5 20. f3 b6 21. Bf2
Ba6 22. Qb3 Bxf1 23. Kxf1 Rad8 24. Qc2 g6 25. c4 Qf7 26. a4 Bh4 27. Qc3 Bf6 28.
Qc2 Be7 29. Ne2 Bb4 30. b3 Qe7 31. g3 Rd7 32. f4 Bd6 33. fxe5 Bxe5 34. Re1 Qf7
35. Rd1 Kg8 1/2-1/2

[Event "SC Ichenhausen-SG BW Stadtilm"]
[Site "Torgelow"]
[Date "2006.12.27"]
[Round "1.2"]
[White "Dauer, Christina"]
[Black "Kinzel, Franziska"]
[Result "1-0"]
[WhiteElo "1942"]
[BlackElo "1459"]
[PlyCount "85"]
[EventDate "2006.??.??"]

1. e4 c6 2. d4 d5 3. e5 Bf5 4. Nf3 e6 5. Be2 Nd7 6. Nbd2 c5 7. c4 dxc4 8. Nxc4
Be4 9. Bg5 Qc7 10. Rc1 Bc6 11. O-O g6 12. dxc5 Bxc5 13. Nd6+ Kf8 14. Be3 Bxd6
15. exd6 Qa5 16. a3 Ngf6 17. Qd4 Qd5 18. b4 a6 19. Rfd1 Qxd4 20. Bxd4 Rg8 21.
h3 Nd5 22. Rd2 f5 23. Re1 h6 24. Ne5 Nxe5 25. Bxe5 Kf7 26. Bc4 Rgd8 27. f3 Rac8
28. Kf2 g5 29. Bb3 b5 30. Rc2 Bd7 31. Rc5 Bc6 32. g3 Bb7 33. Rec1 Nb6 34. Rc7+
Rxc7 35. Rxc7+ Rd7 36. Rxd7+ Nxd7 37. Bd4 Bd5 38. Bxd5 exd5 39. f4 Nf6 40. Bxf6
Kxf6 41. fxg5+ hxg5 42. h4 gxh4 43. gxh4 1-0

[Event "SC Ichenhausen-SG BW Stadtilm"]
[Site "Torgelow"]
[Date "2006.12.27"]
[Round "1.2"]
[White "Kinzel, Tiffany"]
[Black "Dauer, Carolin"]
[Result "0-1"]
[WhiteElo "1516"]
[BlackElo "1474"]
[PlyCount "70"]
[EventDate "2006.??.??"]

1. Nc3 c6 2. e4 d5 3. f4 e6 4. a3 Qh4+ 5. g3 Qd8 6. Bg2 Bc5 7. d4 Bb6 8. Be3
Ne7 9. Nf3 O-O 10. O-O Nd7 11. Qe2 Nf6 12. Qd3 Ng4 13. Bd2 dxe4 14. Nxe4 Nf5
15. c3 c5 16. Kh1 cxd4 17. cxd4 Nxd4 18. Bb4 Nf5 19. Qe2 Re8 20. Rfd1 Qc7 21.
Rac1 Qb8 22. Qb5 Bd7 23. Rxd7 Rd8 24. Rxd8+ Qxd8 25. Ne5 Nfe3 26. Qd7 Nxe5 27.
Qxd8+ Rxd8 28. fxe5 h6 29. Nd6 Ng4 30. Bc5 Nxe5 31. Bxb6 axb6 32. Nxb7 Rd7 33.
Rc8+ Kh7 34. Be4+ f5 35. Bc2 Nf3 0-1

[Event "SC Ichenhausen-SG BW Stadtilm"]
[Site "Torgelow"]
[Date "2006.12.27"]
[Round "1.4"]
[White "Kühn, Carmen"]
[Black "Jünger, Theresa"]
[Result "1-0"]
[WhiteElo "1520"]
[BlackElo "1226"]
[PlyCount "107"]
[EventDate "2006.??.??"]

1. d4 Nf6 2. Nf3 g6 3. e3 Bg7 4. Nbd2 d6 5. Bd3 O-O 6. O-O Nbd7 7. b3 e5 8. Rb1
Re8 9. dxe5 dxe5 10. Be2 c6 11. Nc4 Ne4 12. Bb2 Qc7 13. c3 b5 14. Ncd2 Ndf6 15.
c4 a6 16. Rc1 b4 17. a3 a5 18. axb4 axb4 19. Nxe4 Nxe4 20. Qc2 Nf6 21. Ra1 Rxa1
22. Rxa1 Bf5 23. Qc1 Ng4 24. Nh4 Bd7 25. h3 Nh6 26. e4 f5 27. exf5 Nxf5 28.
Nxf5 Bxf5 29. c5 Qe7 30. Qc4+ Be6 31. Qxb4 Bd5 32. Bc4 Bf8 33. Ra5 Rd8 34. Qc3
Bg7 35. Qc2 Qg5 36. Bxd5+ Rxd5 37. Ra8+ Rd8 38. Rxd8+ Qxd8 39. Qe4 Qc7 40. Qc4+
Qf7 41. Qxf7+ Kxf7 42. Kf1 Ke6 43. Ke2 Kd5 44. b4 Kc4 45. f4 Kxb4 46. fxe5 Bf8
47. Kd3 Bxc5 48. e6 Be7 49. Bc1 c5 50. Ke4 Kc4 51. Be3 Kb5 52. Kd5 Kb6 53. Bf4
Bh4 54. Bd6 1-0

[Event "SG Porz-SV Stuttgart-Wolfbusch"]
[Site "Torgelow"]
[Date "2006.12.27"]
[Round "1.1"]
[White "Gussakovski, Jana"]
[Black "Kaplun, Viktoria"]
[Result "1-0"]
[WhiteElo "2090"]
[BlackElo "1939"]
[PlyCount "103"]
[EventDate "2006.??.??"]

1. e4 c5 2. c3 Nf6 3. e5 Nd5 4. Nf3 Nc6 5. d4 d6 6. dxc5 dxc5 7. Bb5 e6 8. O-O
Bd7 9. Qe2 Be7 10. Bd3 Qc7 11. Re1 h6 12. Na3 a6 13. Bd2 O-O-O 14. Rab1 f6 15.
exf6 Bxf6 16. Nc4 Rhe8 17. Bg6 Re7 18. Nce5 Nxe5 19. Nxe5 Qxe5 20. Qxe5 Bxe5
21. Rxe5 b6 22. Rbe1 Nf6 23. Bf4 Ng4 24. R5e2 Bb5 25. Rd2 Rxd2 26. Bxd2 Nf6 27.
h3 e5 28. b3 Bc6 29. c4 Kc7 30. Bc3 e4 31. f3 e3 32. f4 Nd7 33. Bb2 b5 34. Bc1
e2 35. Bd3 bxc4 36. bxc4 Nf6 37. Rxe2 Rd7 38. Bc2 Rd4 39. Bb3 a5 40. Bb2 Re4
41. Rxe4 Bxe4 42. g4 Ne8 43. Kf2 g6 44. Ke3 Bb1 45. Bc3 Kb6 46. Be5 Nc7 47. a3
Ne6 48. Bd1 Ba2 49. Be2 Bb1 50. Bd3 Ba2 51. h4 Nf8 52. Bg7 1-0

[Event "SG Porz-SV Stuttgart-Wolfbusch"]
[Site "Torgelow"]
[Date "2006.12.27"]
[Round "1.2"]
[White "Krause Molle, Zarela"]
[Black "Erben, Larissa"]
[Result "1-0"]
[WhiteElo "1547"]
[BlackElo "1867"]
[PlyCount "145"]
[EventDate "2006.??.??"]

1. e4 c5 2. c3 Nf6 3. e5 Nd5 4. Nf3 e6 5. a3 Qc7 6. d4 cxd4 7. cxd4 d6 8. Bd2
dxe5 9. dxe5 Nc6 10. Bb5 Bd7 11. Bxc6 Bxc6 12. Nc3 Nxc3 13. Bxc3 Bb5 14. Qb3
Bc4 15. Qa4+ b5 16. Qc2 Rd8 17. Nd2 Bd3 18. Qb3 Be7 19. f3 O-O 20. Ne4 Bc4 21.
Qc2 Qb6 22. Qf2 Qb7 23. Nd6 Qc7 24. Nxc4 bxc4 25. Qe2 Bc5 26. Rd1 Rxd1+ 27.
Kxd1 Rd8+ 28. Kc2 Bb6 29. Rd1 Rxd1 30. Qxd1 Qc6 31. Qd6 Qxd6 32. exd6 Kf8 33.
Bb4 Ke8 34. Kc3 a5 35. d7+ Kxd7 36. Bf8 g6 37. Kxc4 Kc6 38. Bg7 Bc7 39. h3 e5
40. g4 f5 41. b4 e4 42. fxe4 f4 43. b5+ Kd6 44. Bd4 Bd8 45. e5+ Kd7 46. Kd5 a4
47. e6+ Ke8 48. b6 f3 49. b7 Bc7 50. Ke4 Ke7 51. Kxf3 Bb8 52. Be3 Kxe6 53. Bf4
Ba7 54. b8=Q Bxb8 55. Bxb8 Kf6 56. Kf4 h5 57. gxh5 gxh5 58. h4 Kg6 59. Bc7 Kf6
60. Bd8+ Kg6 61. Ke4 Kh6 62. Kd4 Kg6 63. Kc5 Kf5 64. Kb4 Ke6 65. Kxa4 Kd7 66.
Bg5 Kc6 67. Kb4 Kb6 68. a4 Ka6 69. a5 Ka7 70. Kb5 Ka8 71. Bd8 Ka7 72. Kc5 Ka6
73. Kd5 1-0

[Event "SG Porz-SV Stuttgart-Wolfbusch"]
[Site "Torgelow"]
[Date "2006.12.27"]
[Round "1.3"]
[White "Hafner, Katrin"]
[Black "Tunc, Helin"]
[Result "1-0"]
[WhiteElo "1684"]
[BlackElo "1286"]
[PlyCount "53"]
[EventDate "2006.??.??"]

1. e4 e5 2. Nf3 Nc6 3. d4 exd4 4. Nxd4 Bc5 5. Be3 Qf6 6. c3 Qg6 7. Nd2 Nxd4 8.
cxd4 Bb4 9. Qf3 Ne7 10. a3 Bxd2+ 11. Bxd2 O-O 12. Bd3 Qe6 13. O-O d5 14. Rfe1
Qg4 15. Qf4 c6 16. Qc7 Qd7 17. Qg3 Qg4 18. Bb4 Qd7 19. exd5 Re8 20. Bxe7 Rxe7
21. Bxh7+ Kf8 22. dxc6 Rxe1+ 23. Rxe1 bxc6 24. Qe5 Qe6 25. Qc5+ Ke8 26. Rxe6+
Bxe6 27. Qxc6+ 1-0

[Event "SG Porz-SV Stuttgart-Wolfbusch"]
[Site "Torgelow"]
[Date "2006.12.27"]
[Round "1.4"]
[White "Schäfer, Emma"]
[Black "Häcker, Katrin"]
[Result "0-1"]
[WhiteElo "1084"]
[BlackElo "1387"]
[PlyCount "100"]
[EventDate "2006.??.??"]

1. e4 e5 2. Nf3 Nc6 3. c3 Bc5 4. d4 exd4 5. cxd4 Bb4+ 6. Nc3 Nf6 7. Bd3 d5 8.
e5 Ne4 9. Bxe4 dxe4 10. Ng5 Qxd4 11. Qxd4 Nxd4 12. O-O Bxc3 13. bxc3 Ne2+ 14.
Kh1 Nxc3 15. Re1 f5 16. exf6 gxf6 17. Nxe4 Nxe4 18. Rxe4+ Kf7 19. Bb2 Rd8 20.
Rf4 Rd6 21. Be5 Rc6 22. h3 Ke7 23. Bd4 Bd7 24. Re1+ Kf7 25. g4 h6 26. Kg2 Re8
27. Rxe8 Bxe8 28. Kg3 Bd7 29. h4 Kg6 30. Be3 f5 31. h5+ Kf6 32. f3 Ra6 33. Rd4
Ke7 34. Bxh6 Rxh6 35. Kh4 fxg4 36. fxg4 Be8 37. Kg5 Ra6 38. Re4+ Kf8 39. Rf4+
Kg7 40. Re4 Kf8 41. Rf4+ Bf7 42. Rf6 Rxf6 43. Kxf6 Bxh5 44. gxh5 Kg8 45. Ke6 c5
46. Kd5 b6 47. a4 a5 48. Kc4 Kh7 49. Kb5 Kh6 50. Kxb6 c4 0-1

[Event "SK König Tegel-SC Leipzig-Gohlis"]
[Site "Torgelow"]
[Date "2006.12.27"]
[Round "2.1"]
[White "Ohme, Melanie"]
[Black "Schulz, Stefanie"]
[Result "1/2-1/2"]
[WhiteElo "2145"]
[BlackElo "2126"]
[PlyCount "54"]
[EventDate "2006.??.??"]

1. e4 c5 2. Nf3 Nc6 3. d4 cxd4 4. Nxd4 g6 5. Nc3 Bg7 6. Nb3 a5 7. a4 Nf6 8. Be2
O-O 9. O-O Nb4 10. Bf3 d6 11. Be3 Nd7 12. Qd2 Ne5 13. Be2 Be6 14. Nd5 Bxd5 15.
exd5 Qc7 16. c3 Na6 17. f4 Nd7 18. Bd4 Nac5 19. Nxc5 Nxc5 20. Bxg7 Kxg7 21. Ra3
e5 22. dxe6 fxe6 23. Bb5 Rf6 24. b4 Ne4 25. Qd4 d5 26. c4 axb4 27. Re3 Qf7
1/2-1/2

[Event "SK König Tegel-SC Leipzig-Gohlis"]
[Site "Torgelow"]
[Date "2006.12.27"]
[Round "2.2"]
[White "Rath, Alina"]
[Black "Beltz, Franziska"]
[Result "1/2-1/2"]
[WhiteElo "1843"]
[BlackElo "2055"]
[PlyCount "118"]
[EventDate "2006.??.??"]

1. c4 c5 2. g3 Nf6 3. Bg2 e6 4. e4 d6 5. Nc3 Be7 6. Nge2 Nc6 7. d3 a6 8. O-O
Qc7 9. h3 O-O 10. f4 Rb8 11. g4 b5 12. b3 b4 13. Na4 Rd8 14. Be3 Bf8 15. Ng3
Nd4 16. Qd2 Bd7 17. Nb2 Nc6 18. Qf2 a5 19. f5 Be8 20. g5 Nd7 21. h4 exf5 22.
Nxf5 Nde5 23. Bh3 a4 24. Qe2 axb3 25. axb3 Ra8 26. h5 Ra3 27. Qc2 Na5 28. d4
cxd4 29. Nxd4 Qb7 30. Rfd1 Nac6 31. Nb5 Rxa1 32. Rxa1 Qe7 33. Qg2 Bd7 34. Bxd7
Qxd7 35. Rd1 Qb7 36. Na4 Na5 37. Bb6 Ra8 38. Bxa5 Rxa5 39. Nxd6 Qc6 40. c5 Rxc5
41. Nxc5 Qxc5+ 42. Qf2 Bxd6 43. Qxc5 Bxc5+ 44. Kg2 f6 45. Kg3 Be3 46. gxf6 gxf6
47. Rd5 Kg7 48. Kg2 Kh6 49. Rd6 Kg5 50. Kh3 h6 51. Kg3 Bf4+ 52. Kh3 Be3 53. Kg3
Bc5 54. Re6 Bd4 55. Rd6 Bc3 56. Kh3 Ng4 57. Rd5+ Ne5 58. Rd6 Ng4 59. Rd5+ Ne5
1/2-1/2

[Event "SK König Tegel-SC Leipzig-Gohlis"]
[Site "Torgelow"]
[Date "2006.12.27"]
[Round "2.3"]
[White "Beltz, Carmen"]
[Black "Neldner, Uta"]
[Result "1-0"]
[WhiteElo "1952"]
[BlackElo "1849"]
[PlyCount "79"]
[EventDate "2006.??.??"]

1. e4 c5 2. Nf3 Nc6 3. d4 cxd4 4. Nxd4 Nf6 5. Nc3 e5 6. Ndb5 d6 7. Bg5 a6 8.
Na3 b5 9. Bxf6 gxf6 10. Nd5 f5 11. Bxb5 axb5 12. Nxb5 Ra4 13. b4 Qh4 14. O-O
Ba6 15. Nbc7+ Kd8 16. Nxa6 Rg8 17. c3 Rxa6 18. b5 Ra5 19. bxc6 Qxe4 20. c7+ Kc8
21. Nb6+ Kxc7 22. g3 Kxb6 23. Rb1+ Kc7 24. Qb3 Qd5 25. c4 Qa8 26. c5 d5 27.
Qb6+ Kc8 28. Qf6 Bxc5 29. Qxf5+ Kd8 30. Qxe5 Kd7 31. Qf5+ Kc6 32. Qf6+ Kd7 33.
Qxf7+ Be7 34. Rfe1 Re8 35. Qe6+ Kd8 36. Qb6+ Kd7 37. Qe6+ Kd8 38. Rbc1 Ra6 39.
Qe5 Rb6 40. Qc7# 1-0